LEADER 01175nam a2200265 i 4500 001 000000072034 003 CaOOAMICUS 005 20241128141809.0 008 090209s1939 fr u000 u fre u 013 $a43206 040 $aSeMil$bita 100 1 $aChenu, Marie-Dominique,$c.$0(OLS)http://semarc/name/89099 245 14$aLes études de philosophie médiévale /$cpar M.-D. Chenu. 260 $aParis :$bHermann,$c1939. 300 $a87 p. ;$c25 cm. 490 0 $aActualites scientifiques et industrielles ;$v813 490 0 $aActualités scientifiques et industrielles. Philosophie ;$v3 650 4$aFilosofia medievale.$0(OLS)http://semarc/subject/852 830 0$aActualites scientifiques et industrielles ;$v813.$0(OLS)http://semarc/title/27222 830 0$aActualités scientifiques et industrielles. Philosophie ;$v3.$0(OLS)http://semarc/title/27272 850 $aSeMil 852 $aSeMil$W1$xVenegono$y1$m2P V 277$j38187$B38187$CSeMilBibl$Z2$F38190 $81 996 $6245$aLes études de philosophie médiévale$9(OLS)http://semarc/title/116032 996 $6260$aParis :$bHermann$9(OLS)http://semarc/publisher/35352 LEADER 01025nam a2200253 i 4500 001 000000119120 003 CaOOAMICUS 005 20040920000000.0 008 040920s1943 it u000 u ita u 013 $a91813 040 $aSeMil$bita 245 10$aNorme ceremoniali per gli Eminentissimi Signori Cardinali. 260 $a[Città del Vaticano] :$bTipografia Poliglotta Vaticana,$c1943. 300 $a30 p. ;$c29 cm. 490 0 $aContributi ;$vN.1 500 $aFondo Card. C.M. Martini. 650 4$aCardinali - Norme cerimoniali.$0(OLS)http://semarc/subject/16505 830 0$aContributi ;$vN.1.$0(OLS)http://semarc/title/6538 850 $aSeMil 852 $aSeMil$W1$xVenegono$y1$m3K V 32$j74364$B74364$CSeMilBibl$Z2$F87239 $81 941 1 $a4 961 $aOmaggio: Martini Card. Carlo Maria 996 $6245$aNorme ceremoniali per gli Eminentissimi Signori Cardinali$9(OLS)http://semarc/title/175045 996 $6260$a[Città del Vaticano] :$bTipografia Poliglotta Vaticana$9(OLS)http://semarc/publisher/32047